Száz vagon búzát vásárol Szeged A búza- és rozsliszt új maximális árai
Elmentve itt :
| Dokumentumtípus: | Cikk |
|---|---|
| Megjelent: |
1915-07-27
|
| Sorozat: | Délmagyarország
4 No. 178 |
| Kulcsszavak: | Somogyi Szilveszter, Búzaexport Szeged 1915, Szeged |
| Online Access: | http://dmarchiv.bibl.u-szeged.hu/43259 |
| LEADER | 00491nab a2200145 i 4500 | ||
|---|---|---|---|
| 001 | delm43259 | ||
| 005 | 20180927130109.0 | ||
| 008 | 180927s1915 hu o 0|| hun d | ||
| 040 | |a SZTE Délmagyarország Archívum |b hun | ||
| 041 | |a hun | ||
| 245 | 0 | 0 | |a Száz vagon búzát vásárol Szeged |h [elektronikus dokumentum] : |b A búza- és rozsliszt új maximális árai |
| 260 | |c 1915-07-27 | ||
| 300 | |a 3 | ||
| 490 | 0 | |a Délmagyarország |v 4 No. 178 | |
| 695 | |a Somogyi Szilveszter, Búzaexport Szeged 1915, Szeged | ||